[Event "Deutsche Ländermeisterschaft 2017"]
[Site "Hannover GER"]
[Date "2017.10.03"]
[Round "6"]
[White "Jenner, Meikel"]
[Black "Gremmel, Jonas Simon"]
[Result "0-1"]
[Termination "normal"]
[Board "9.2"]
[WhiteElo "1528"]
[BlackElo "1815"]
[WhiteTeam "Saarland"]
[BlackTeam "Hamburg"]
[PlyCount "38"]
[WhiteFideId "16245342"]
[BlackFideId "12983896"]
[EventCountry "GER"]
[EventRounds "7"]
[EventType "team-swiss"]
[EventDate "2017.09.29"]

1. e4 g6 2. d4 Bg7 3. f4 d6 4. Nf3 a6 5. Be3 Nf6 6. Nc3 b5 7. Bd3 Bb7 8. a3 O-O
9. O-O Nbd7 10. Qd2 Ng4 11. Rac1 Nxe3 12. Qxe3 c5 13. b3 cxd4 14. Nxd4 Qb6 15.
e5 dxe5 16. fxe5 Bxe5 17. Nce2 Bg7 18. c3 e5 19. Nc2 e4 0-1

[Event "Deutsche Ländermeisterschaft 2017"]
[Site "Hannover GER"]
[Date "2017.10.03"]
[Round "6"]
[White "Weißhorn, Lasse"]
[Black "Zimmer, Luca"]
[Result "0-1"]
[Termination "normal"]
[Board "9.3"]
[WhiteElo "1754"]
[BlackElo "1628"]
[WhiteTeam "Hamburg"]
[BlackTeam "Saarland"]
[PlyCount "72"]
[WhiteFideId "12943045"]
[BlackFideId "12921424"]
[EventCountry "GER"]
[EventRounds "7"]
[EventType "team-swiss"]
[EventDate "2017.09.29"]

1. e4 e6 2. d4 d5 3. Nc3 Bb4 4. e5 c5 5. a3 Bxc3+ 6. bxc3 Ne7 7. h4 Nbc6 8. h5
h6 9. f4 Qa5 10. Bd2 Qa4 11. dxc5 Bd7 12. Bd3 Na5 13. Nf3 Nc4 14. Nd4 Rc8 15.
Nb3 Nb2 16. Qb1 Nxd3+ 17. cxd3 Bb5 18. Rh3 Nf5 19. g4 Ne7 20. Nd4 a6 21. Qb4
Qxb4 22. cxb4 Ba4 23. Be3 Kd7 24. Ne2 g6 25. Ng3 Rcg8 26. Ke2 Nc6 27. d4 Ke7
28. Kf3 Nb8 29. Rah1 g5 30. fxg5 hxg5 31. Rc1 Nd7 32. Bd2 f6 33. Bc3 f5 34. Be1
f4 35. Nh1 Bd1+ 36. Kg2 Bxg4 0-1

[Event "Deutsche Ländermeisterschaft 2017"]
[Site "Hannover GER"]
[Date "2017.10.03"]
[Round "6"]
[White "Jeschke, Jan"]
[Black "Huo, Da"]
[Result "0-1"]
[Termination "normal"]
[Board "9.4"]
[WhiteElo "1261"]
[BlackElo "1659"]
[WhiteTeam "Saarland"]
[BlackTeam "Hamburg"]
[PlyCount "78"]
[WhiteFideId "16225430"]
[BlackFideId "16221206"]
[EventCountry "GER"]
[EventRounds "7"]
[EventType "team-swiss"]
[EventDate "2017.09.29"]

1. e4 c5 2. Nc3 e6 3. f4 a6 4. Nf3 b5 5. d3 Bb7 6. Be2 Nf6 7. O-O d5 8. e5 Nfd7
9. Qe1 Be7 10. Bd2 O-O 11. g4 Re8 12. Qg3 Bf8 13. h4 f6 14. h5 Nc6 15. exf6
Nxf6 16. h6 g6 17. f5 Bd6 18. Qg2 exf5 19. gxf5 Kh8 20. Nh4 Rg8 21. Nxg6+ hxg6
22. fxg6 Qe7 23. Bg5 Rxg6 24. Rxf6 Rxg5 25. Qxg5 Rg8 26. Qxg8+ Kxg8 27. Rg6+
Kh8 28. Rf1 Qe3+ 29. Kg2 Be7 30. Rf3 Qe5 31. Rf7 Nd8 32. Rfg7 d4+ 33. Ne4 Bxe4+
34. dxe4 Bf6 35. Rg8+ Kh7 36. Bf3 Ne6 37. Rg3 Nf4+ 38. Kf2 Bh4 39. R8g7+ Kxh6
0-1

[Event "Deutsche Ländermeisterschaft 2017"]
[Site "Hannover GER"]
[Date "2017.10.03"]
[Round "6"]
[White "Summers, Jan"]
[Black "Chassard, Cedric"]
[Result "1/2-1/2"]
[Termination "normal"]
[Board "9.5"]
[WhiteElo "1548"]
[BlackElo "1518"]
[WhiteTeam "Hamburg"]
[BlackTeam "Saarland"]
[PlyCount "48"]
[WhiteFideId "16217624"]
[BlackFideId "16243536"]
[EventCountry "GER"]
[EventRounds "7"]
[EventType "team-swiss"]
[EventDate "2017.09.29"]

1. e4 e5 2. Nf3 Nc6 3. d4 exd4 4. Nxd4 Bc5 5. Be3 Bxd4 6. Bxd4 Nxd4 7. Qxd4 Qf6
8. Qxf6 Nxf6 9. Nc3 O-O 10. Bd3 a6 11. O-O d6 12. f4 Re8 13. Rae1 Bd7 14. h3
Bc6 15. Rf3 Re7 16. Rfe3 Rae8 17. Kf2 d5 18. exd5 Rxe3 19. Rxe3 Rxe3 20. Kxe3
Nxd5+ 21. Nxd5 Bxd5 22. g4 Kf8 23. Be4 Bxe4 24. Kxe4 Ke8 1/2-1/2

[Event "Deutsche Ländermeisterschaft 2017"]
[Site "Hannover GER"]
[Date "2017.10.03"]
[Round "6"]
[White "Fuchs, Emily"]
[Black "Hölzer, Jeanette"]
[Result "1/2-1/2"]
[Termination "normal"]
[Board "9.6"]
[WhiteElo "1275"]
[BlackElo "1406"]
[WhiteTeam "Saarland"]
[BlackTeam "Hamburg"]
[PlyCount "118"]
[WhiteFideId "16208986"]
[BlackFideId "12917982"]
[EventCountry "GER"]
[EventRounds "7"]
[EventType "team-swiss"]
[EventDate "2017.09.29"]

1. e4 e5 2. Nf3 Nc6 3. d4 exd4 4. Nxd4 Bc5 5. Be3 Qf6 6. c3 Nge7 7. Be2 O-O 8.
O-O d5 9. Bd3 dxe4 10. Bxe4 Nxd4 11. cxd4 Bb6 12. Nc3 Rd8 13. d5 Bf5 14. Qf3
Rd7 15. Rfd1 Rad8 16. Rac1 Qe5 17. Bxf5 Qxf5 18. Qxf5 Nxf5 19. Bxb6 axb6 20.
Rc2 c6 21. Rcd2 Ne7 22. d6 Nc8 23. Na4 b5 24. Nc5 Rxd6 25. Rxd6 Rxd6 26. Re1
Kf8 27. Nxb7 Rd2 28. Nc5 Nb6 29. Rb1 Nc4 30. b3 Nb6 31. Ra1 Rc2 32. Na6 Nd5 33.
a4 bxa4 34. bxa4 Nb6 35. Kf1 c5 36. a5 Nd7 37. Nc7 Rb2 38. a6 Nb6 39. a7 c4 40.
a8=Q+ Nxa8 41. Rxa8+ Ke7 42. Ra6 Rb1+ 43. Ke2 Kd7 44. Nd5 Rb2+ 45. Ke3 Rb1 46.
Nb6+ Kc6 47. Nxc4+ Kd5 48. Nd2 Re1+ 49. Kd3 Rh1 50. Ra5+ Ke6 51. Nf3 Kf6 52.
Ke4 Rf1 53. Ra6+ Ke7 54. Ke5 Rxf2 55. Ra7+ Kf8 56. Nh4 f6+ 57. Ke4 g5 58. Nf5
Rf4+ 59. Ke3 Rxf5 1/2-1/2

[Event "Deutsche Ländermeisterschaft 2017"]
[Site "Hannover GER"]
[Date "2017.10.03"]
[Round "6"]
[White "Abicht, Aruna Sophia"]
[Black "Huppert, Anna"]
[Result "1-0"]
[Termination "normal"]
[Board "9.7"]
[WhiteElo "1349"]
[BlackElo "1419"]
[WhiteTeam "Hamburg"]
[BlackTeam "Saarland"]
[PlyCount "113"]
[BlackFideId "16214439"]
[EventCountry "GER"]
[EventRounds "7"]
[EventType "team-swiss"]
[EventDate "2017.09.29"]

1. e4 e6 2. d3 d5 3. Nd2 Nf6 4. Ngf3 c5 5. g3 Nc6 6. Bg2 Qc7 7. O-O Be7 8. c3
O-O 9. Re1 dxe4 10. dxe4 e5 11. Qe2 Re8 12. Nf1 Be6 13. Ng5 Bg4 14. Qc4 Bd6 15.
h3 Bh5 16. g4 Bg6 17. Nh2 Qd7 18. Ngf3 Rad8 19. Bg5 Na5 20. Qe2 Qe6 21. Bxf6
Qxf6 22. Qb5 b6 23. b4 cxb4 24. cxb4 Nb7 25. Qa6 Re7 26. a3 Bb8 27. a4 Rd6 28.
Rac1 Rd8 29. Nf1 h6 30. Ng3 Red7 31. Nf5 Bxf5 32. exf5 Re8 33. Nxe5 Rde7 34.
Bxb7 Bxe5 35. Bc6 Bh2+ 36. Kxh2 Qd6+ 37. Kg2 Rxe1 38. Bxe8 Rxc1 39. Qb7 Rc7 40.
Qe4 a6 41. b5 a5 42. Bc6 Re7 43. Qc4 Kh7 44. Qc2 g6 45. fxg6+ Qxg6 46. Qd2 Qg8
47. Qd3+ Kh8 48. Qd4+ Kh7 49. Be4+ Rxe4 50. Qxe4+ Qg6 51. Qxg6+ fxg6 52. Kf3
Kg7 53. Ke4 Kf6 54. f4 h5 55. Kd5 hxg4 56. hxg4 Ke7 57. Kc6 1-0

[Event "Deutsche Ländermeisterschaft 2017"]
[Site "Hannover GER"]
[Date "2017.10.03"]
[Round "6"]
[White "Alhassan, Jodi"]
[Black "Kieckbusch, Lotta"]
[Result "0-1"]
[Termination "normal"]
[Board "9.8"]
[WhiteElo "966"]
[BlackElo "1221"]
[WhiteTeam "Saarland"]
[BlackTeam "Hamburg"]
[PlyCount "94"]
[WhiteFideId "16250460"]
[BlackFideId "16214390"]
[EventCountry "GER"]
[EventRounds "7"]
[EventType "team-swiss"]
[EventDate "2017.09.29"]

1. e4 c6 2. d4 d5 3. Nc3 dxe4 4. Nxe4 Bf5 5. Ng3 Bg6 6. Nf3 Nd7 7. Be2 e6 8.
O-O Ngf6 9. Bg5 Be7 10. c4 c5 11. Bd3 Bxd3 12. Qxd3 O-O 13. Rfe1 h6 14. Bf4 Rc8
15. a3 Nb6 16. Rac1 Qd7 17. b4 cxb4 18. axb4 Bxb4 19. Re2 Rfd8 20. Qb3 Be7 21.
h3 Qe8 22. c5 Nbd5 23. Bd2 Rd7 24. Ne4 Nxe4 25. Rxe4 Bf6 26. Re2 Ne7 27. Qc3 b6
28. Qc2 Bxd4 29. Nxd4 Rxd4 30. Qb2 Qd7 31. Kh2 bxc5 32. Bc3 Qc7+ 33. Kg1 Rc4
34. Rec2 f6 35. Bd2 Rxc2 36. Rxc2 Rb8 37. Qa2 Nd5 38. Rb2 Rxb2 39. Qxb2 Kf7 40.
g3 c4 41. Bc3 Nxc3 42. Qxc3 a5 43. Kf1 Qc5 44. Ke1 a4 45. h4 a3 46. Kf1 a2 47.
Kg2 Qa7 0-1